000 00401nam a2200181Ia 4500
001 387
005 20260306140514.0
008 260306t2006||||xx |||||||||||||| ||spa||
041 _aESP
082 _a110
_bG64
100 _aGómez Pérez, Rafael
_eAUT
245 0 _aIntroducción a la metafísica
260 _c2006
300 _a
_c
650 _aGEN
654 _aCHU
942 _cLIB
_dJUS
_fJUS
_2ddc
_n
999 _c387
_d387